000 00527nam a2200169 i 4500
001 70331
003 ES-MaACL
005 20230906170805.0
007 t|
008 040721s1957 sp ||||1| spa d
100 1 _aGarcía Ruescas, Francisco.
_955233
245 1 0 _aManual de publicidad /
_cFrancisco G. Ruescas ; prólogo de Víctor de la Serna.
260 _aMadrid :
_bCabal,
_c[1957] (
_fI.M.C.O.)
300 _a399 p. :
_bil. ;
_c20 cm.
700 1 _aSerna, Víctor de la.
_9105577
852 _aES-MaACL
_jC-13582
_bR.41124
999 _c70331
_d70331